000 00341nam a2200145Ia 4500
008 090124s9999 xx 000 0 und d
082 _b35476
245 _a युग्म
250 _a1
260 _bतरवडे विजय
_c2008
300 _a224
630 _a युग्म
730 _a युग्म
942 _cBOOK
999 _c200556
_d200556